Score 0/15 Timer 03:00
1 Play Today
% Correct
CEASES
92.2%
FEASTING
92%
PIETY
90.1%
SEIZING
89.3%
ALLEY
88.8%
SLEIGHT
86.9%
NEIGH
83.9%
EYES
82.6%
% Correct
HEROINE
82.3%
STAMPEDE
70.1%
LEATHERY
67.7%
ELOCUTION
61.6%
WINTERY
57.6%
LINEAGE
53.4%
EASTERN
49.7%
Remove Ads.
Support Sporcle.
Get the best of Sporcle when you Go Orange. This ad-free experience offers more features, more stats, and more fun while also helping to support Sporcle. Thank you for becoming a member.

You're not logged in!

Compare scores with friends on all Sporcle quizzes.
OR
Log In

Sporcle TV

Today on Sporcle TV


Watch our educational content, quiz creation guides, and fun videos on Sporcle TV.

Show Comments

Extras

Top Quizzes Today


Score Distribution

Paid Content

Your Account Isn't Verified!

In order to create a playlist on Sporcle, you need to verify the email address you used during registration. Go to your Sporcle Settings to finish the process.

Report this User

Report this user for behavior that violates our Community Guidelines.

Details: